000 00209 a2200097 4500
001 3964
100 _aVoorhes
245 _aDifferential & integral calculas
260 _a
_bMcgrawhill
_c
090 _c3193
_d3193
942 _aNUST-CAE
_cM
_c24369
999 _c239037
_d239037